000 01147nam a2200133Ia 4500
008 171212s9999 xx 000 0 und d
020 _a9780833087294
100 _aBrown, Ryan Andrew;Marshall, Grant N.;Breslau, Joshua;Farris, Coreen;Osilla, Karen Chan;Pincus, Harold Alan;Ruder, Teague;Voorhies, Phoenix;Barnes-Proby, Dionne;Pfrommer, Katherine;Miyashiro, Lisa;Rana, Yashodhara;Adamson, David M.
245 _cBrown, Ryan Andrew;Marshall, Grant N.;Breslau, Joshua;Farris, Coreen;Osilla, Karen Chan;Pincus, Harold Alan;Ruder, Teague;Voorhies, Phoenix;Barnes-Proby, Dionne;Pfrommer, Katherine;Miyashiro, Lisa;Rana, Yashodhara;Adamson, David M.
_aAccess to Behavioral Health Care for Geographically Remote Service Members and Dependents in the U.S.
260 _bRAND Corporation
_c2014
650 _aHealth Sciences
650 _aUnited States. Armed Forces -- Mental health services -- Evaluation; Soldiers -- Mental health services -- United States -- Evaluation; Military dependents -- Mental health services -- United States -- Evaluation; Rural health -- United States; Needs asse
856 _uhttp://www.jstor.org/stable/10.7249/j.ctt15zc5d9
999 _c351670
_d351670